| 000 | 00344nam a22001457a 4500 | ||
|---|---|---|---|
| 999 |
_c8013 _d8013 |
||
| 003 | OSt | ||
| 005 | 20200617130305.0 | ||
| 008 | 200617b ||||| |||| 00| 0 eng d | ||
| 020 | _a9788492796823 | ||
| 082 |
_a721 _bBRO |
||
| 100 | _a Broto, Carles | ||
| 245 | _a New roofs | ||
| 260 |
_aSpain _bLinks International _cApril 16, 2011 |
||
| 942 | _2ddc | ||